| 000 | 00568nam a22001697a 4500 | ||
|---|---|---|---|
| 999 |
_c342462 _d342462 |
||
| 003 | NUST | ||
| 005 | 20171228095203.0 | ||
| 008 | 171228b xxu||||| |||| 00| 0 eng d | ||
| 040 | _c0 | ||
| 082 | _a297.122 QUD | ||
| 245 |
_aوَمَا مِنْ دَابَّةٍ , Wa Mamin Da'abat _cQudratullah Company _bPara no 12. |
||
| 260 |
_aLahore _bQudratullah Company _c2011 |
||
| 300 | _a64p. | ||
| 500 | _aP.B | ||
| 942 |
_2ddc _cBK _kIESE |
||